MDQL
is popping MORE tags! Check the
thread
!
Quizzes
Events
Quiz Creation
Community
Videos
Private Events
Remove Ads
Sign In
Join for FREE
Feedback
Dark Mode
Quiz Categories
Sports
Geography
Music
Movies
Television
Just For Fun
Miscellaneous
History
Literature
Language
Science
Gaming
Entertainment
Religion
Holiday
For Kids
Quiz Lab
Recent
Popular Today
Quiz Kudos Today
Editor Picks
Curator Picks
Quizzes by...
Day
Popularity
Type
Ratings
Length
Year
Community
Subscriptions
Recent Discussions
Orange Saloon
Badges
Playlists
Quests
Create
Leaderboards
Showdown
Live 5
Trivia Bingo
Activity
Puzzle Library
Sporcle Events
Private Events
Virtual Trivia
Globe League
Become a Host
Pub Owners
SporcleCon
Opinionation
Our Games
Videos
Blog
Mobile Apps
Partnerships
Remove Ads and Go Orange
Feedback
Miscellaneous
Crossword
General Knowledge
Baby Names
Logo
Food
Cars
Numbers
Grab Bag
University
College
Popular
Company
Slogans
Restaurants
Justice
Letter
Miscellaneous
Crossword
General Knowledge
Baby Names
Logo
Food
Cars
Numbers
Grab Bag
University
College
Popular
Company
Slogans
Restaurants
Justice
Letter
Random Quiz
Search Sporcle
×
Editor Pick
Editor Pick
Miscellaneous
North America
Type answers that correspond to images
Type answers that correspond to images
Picture Box
Best Score? Go Orange.
Defunct Airline Logos (North America) Stats
Can you name these now defunct airlines from North America from their logos?
By
groovynewborn
7m
24 Questions
591 Plays
591 Plays
591 Plays
Comments
Comments
Give Quiz Kudos
Give Quiz Kudos
-
- Ratings
hide this ad
More Info
Random Order
Randomize order of answers
Randomize order of answers
Replay
Link that replays current quiz
Next Quiz
Link to next quiz in quiz playlist
You Got
0%
They Got
Avg Score
44%
Avg Friend Score
Upgrade to see
Score Distribution
Jump to the score distribution portion of the page
Score
0/24
Timer
07:00
0
Plays Today
Country
Airline
% Correct
USA
Pan Am - defunct 1991
88.5%
USA
Trans World Airlines (TWA) - acquired by American Airlines 2001
87.6%
USA
Continental Airlines - merged with United 2012
76.1%
USA
Northwest Airlines - merged with Delta 2010
74.1%
USA
US Airways - merged with American Airlines 2013
70.4%
USA
Eastern Airlines - defunct 1991
60.7%
USA
Pacific Southwest Airlines (PSA) - integrated into USAir 1988
53.5%
Canada
Canadian Airlines - acquired by Air Canada 2001
50.6%
USA
Western Airlines - merged with Delta 1987
44%
USA
Texas International - merged into Continental 1982
42.6%
USA
Northeast Airlines - merged with Delta 1972
42.3%
USA
Braniff International - defunct 1982
40.8%
Country
Airline
% Correct
USA
Piedmont - acquired by USAir 1989
40.4%
USA
Air Florida - defunct 1984
38.4%
Mexico
Mexicana - defunct 2010
36.4%
USA
Allegheny Airlines - became USAir 1979
34.9%
USA
People Express Airlines - merged into Continental 1987
32.7%
USA
Aloha Airlines - defunct 2008
29.9%
El Salvador
TACA - merged into Avianca 2012
28.1%
USA
Air California - merged with American 1987
27.2%
Jamaica
Air Jamaica - taken over by Caribbean 2015
26.4%
USA
National Airlines - acquired by Pan Am 1980
17.1%
Trinidad and Tobago
BWIA West Indies Airways - dissolved & became Caribbean Airlines 2006
13.9%
USA
Trump Shuttle - merged into USAir 1992
13.7%
Quiz Playlist
Details
Report
Send in Message
Add To Playlist
More Info:
defunct = bankrupt or merged or incorporated to another airline
hint is the country where the airline is based
Picture Box:
Type answers that correspond to images
Random Order:
Randomize order of answers
Last Updated: Jun 10, 2020
Editor Pick in
Miscellaneous
Quiz Scoreboard
CHALLENGE
Sign Up to Join the Scoreboard
Show All
Scores
Hide
Comments
May contain spoilers
Recently Published
Colored Red Africa Blitz
by spor1
Geography
30s
Find the 'City' Movie
by crazypaving
Movies
60s
5x2 Blitz: Bands
by SL_Kpop136
Music
30s
More to Explore
Quiz From the Vault
Featured Blog Post
14 Easter Pick-up Lines to Find Eggs With
hide this ad
You Might Also Like...
Tags
North America Quiz
Airline
Airline Logos
Airline Routes
Airlines Names
American Airlines
Aviation
Defunct Airlines
Delta Airlines
National Airlines
United Airlines
US Airport
Today's Top Quizzes in Miscellaneous
Browse Miscellaneous
hide this ad
Today's Top Quizzes in North America
Browse North America
Top Contributed Quizzes in Miscellaneous
1
The JOE quick-fire general knowledge quiz: Day 174
2
5-to-1: Fast Food
3
9x9 Crossword: Disney Movie Titles
4
9x9 Crossword: Charlie and the Chocolate Factory
5
9x9 Crossword: Actors
6
9x9 Crossword: 2022 Movies
7
9x9 Crossword: The Simpsons
8
9x9 Crossword: Pixar Movie Titles
9
The JOE quick-fire general knowledge quiz: Day 173
10
9x9 Crossword: Flags
Explore More
Trending Topics
Disney
Marvel
NBA
Harry Potter
Kpop
Crossword
Anime
Puzzle
Pokémon
The Office
Song
WWE
Soccer
Country
NFL
hide this ad
More By:
groovynewborn
Quiz
Plays
Rating
Category
Featured
Created
World War II Figures on Postage Stamps
1,383
4.94
History
Jun 17, 2020
Aviation Crossword
1,113
5.00
Miscellaneous
Jun 5, 2020
Islamic (Sunni) Religious Holidays (in order)
1,048
3.50
Religion
Jun 6, 2020
Explorers on a Crossword (II)
943
4.67
History
Jun 2, 2020
USA's 10 largest lakes in order
727
Geography
May 30, 2020
Go to Creator's Profile
Score Distribution
Quiz Creator Spotlight
groovynewborn
Follow
Send a Message
Quizzes Created
-
Created Quiz Play Count
-
More By This Creator
Popular Quizzes Today
1
Colored Red Africa Blitz
2
Find the 'City' Movie
3
5x2 Blitz: Bands
4
Find the US States - No Outlines Minefield
5
The Countries of the World
6
Find the US States
7
US States
8
Find the Countries of Europe - No Outlines Minefield
More Miscellaneous Quizzes
2-Word Clue Crossword (17)
Quiz Lab
Trending Quizzes
Colored Red Europe Blitz I
Colored Red Europe Blitz II
Colored Red Africa Blitz II
Colored Red Europe Blitz III
Colored Red Africa Blitz III
Recently Updated
How Do You Spell That?
pecheneg
Godzilla Movies
pecheneg
Grab Bag: 4-10 Letters
pecheneg
2024 March Madness Bracket
pecheneg
Famous TV Couples
Peacemaker
Champions League XIs: Real Madrid
pecheneg
Largest US Cities 1790-2010
pecheneg
Rides in Walt Disney World
pecheneg
Most Oscar Losses (Acting)
pecheneg
Beyoncé Albums
pecheneg
Trending Topics
NBA
Marvel
Kpop
Anime
Crossword
Harry Potter
Disney
The Office
Pokémon
Country
Song
WWE
Puzzle
Soccer
NFL
Your Account Isn't Verified!
In order to create a playlist on Sporcle, you need to verify the email address you used during registration. Go to your
Sporcle Settings
to finish the process.
Report this User
Report this user for behavior that violates our
Community Guidelines
.
Details:
Send Report
Go to the Sporcle.com Mobile Site →
Comments